| 000 | 01173cam a22002174a 4500 | ||
|---|---|---|---|
| 005 | 20250605164128.0 | ||
| 008 | 250528s ||||||||||||||||||||||||d | ||
| 035 | _a18544 | ||
| 020 | _a205142710 | ||
| 040 |
_aGR-AtMCL _bgre _dGR-AtMCL _eAACR2 |
||
| 245 | 1 | _aSingle Case Experimental Designs / Strategies for Studying Behavior for Change: Second Edition | |
| 250 | _a2nd | ||
| 260 |
_bAddison-Wesley Publishing Company, _c1984 |
||
| 300 | _a420 | ||
| 520 | _aPreface, Epigram, The Single-Case in Basic and Applied Research: An Historical Perspective, General Issues in a Single-Case Approach, General Procedures in Single-Case Research, Assessment Strategies, Basic A-B-A Withdrawal Designs, Extensions of the A-B-A Design and Uses in Drug Evaluation and Interaction Design Strategies, Multiple Baseline Designs, Alternating Treatments Design, Statistical Analyses for Single-Case Experimental Designs, Beyond the Individual: Replication Procedures, Hiawatha Designs an Experiment, References, Subject and Name Index, About the Authors. | ||
| 700 | 1 |
_aBarlow David H. _94814 |
|
| 700 | 1 |
_aHersen Michel _94662 |
|
| 942 | _cBK | ||
| 999 |
_c3899 _d3899 |
||